000 00683nam a2200217 a 4500
999 _c10197
_d10197
001 10197
003 BD-JhCC
005 20180419125602.0
008 171014s1383 b |||| ||a| 000 0 ben d
035 _a(BD-JhCC)10197
040 _aBD-JhCC
_dBD-JhCC
041 _aben
082 _a891.4409
_bRAY 1383
100 _aরায়, সুকুমার
245 _aসমগ্র শিশুসাহিত্য /
_cসুকুমার রায়
260 _aকলিকাতা :
_bআনন্দ পাবলিশার্স,
_c1383.
300 _a168 p. :
_c28cm.
650 _aCollection of Children Story
942 _2ddc
_cBK